<?xml version="1.0" encoding="UTF-8"?>
<collection xmlns:xsi="http://www.w3.org/2001/XMLSchema-instance" xsi:schemaLocation="http://www.loc.gov/MARC21/slim http://www.loc.gov/standards/marcxml/schema/MARC21slim.xsd" xmlns="http://www.loc.gov/MARC21/slim">
 <record>
  <leader>00000cam a22000004a 4500</leader>
  <controlfield tag="001">UP-99796217612880614</controlfield>
  <controlfield tag="003">Buklod</controlfield>
  <controlfield tag="005">20181017114044.0</controlfield>
  <controlfield tag="006">m    |o  d |      </controlfield>
  <controlfield tag="007">ta</controlfield>
  <controlfield tag="008">181017s2016    xx     d     r    |||| u|</controlfield>
  <datafield tag="020" ind1=" " ind2=" ">
   <subfield code="a">9780415536073</subfield>
  </datafield>
  <datafield tag="035" ind1=" " ind2=" ">
   <subfield code="a">(iLib)UPD-00396664480</subfield>
  </datafield>
  <datafield tag="037" ind1=" " ind2=" ">
   <subfield code="b">Forefront</subfield>
   <subfield code="n">8,940.31PhP</subfield>
  </datafield>
  <datafield tag="040" ind1=" " ind2=" ">
   <subfield code="a">DLC</subfield>
   <subfield code="d">DSWCD</subfield>
   <subfield code="e">rda</subfield>
  </datafield>
  <datafield tag="041" ind1="0" ind2=" ">
   <subfield code="a">eng</subfield>
  </datafield>
  <datafield tag="090" ind1=" " ind2=" ">
   <subfield code="a">HV 40</subfield>
   <subfield code="b">S6423 2016</subfield>
  </datafield>
  <datafield tag="245" ind1="0" ind2="0">
   <subfield code="a">Social work in a global context</subfield>
   <subfield code="b">issues and challenges</subfield>
   <subfield code="c">edited by George Palattiyil, Dina Sidhva, Mono Chakrabarti.</subfield>
  </datafield>
  <datafield tag="264" ind1=" " ind2="1">
   <subfield code="a">Abingdon, Oxon</subfield>
   <subfield code="a">New York, NY</subfield>
   <subfield code="b">Routledge</subfield>
   <subfield code="c">2016.</subfield>
  </datafield>
  <datafield tag="300" ind1=" " ind2=" ">
   <subfield code="a">xxviii, 304 pages</subfield>
   <subfield code="c">24 cm.</subfield>
  </datafield>
  <datafield tag="336" ind1=" " ind2=" ">
   <subfield code="a">text</subfield>
   <subfield code="2">rdacontent</subfield>
  </datafield>
  <datafield tag="337" ind1=" " ind2=" ">
   <subfield code="a">unmediated</subfield>
   <subfield code="2">rdamedia</subfield>
  </datafield>
  <datafield tag="338" ind1=" " ind2=" ">
   <subfield code="a">volume</subfield>
   <subfield code="2">rdacarrier</subfield>
  </datafield>
  <datafield tag="490" ind1="1" ind2=" ">
   <subfield code="a">Routledge advances in social work</subfield>
  </datafield>
  <datafield tag="504" ind1=" " ind2=" ">
   <subfield code="a">Includes bibliographical references and index.</subfield>
  </datafield>
  <datafield tag="505" ind1="0" ind2=" ">
   <subfield code="a">Social work in Australia : similarities as difference / Barbara Fawcett -- Social work and HIV/AIDS in Botswana : issues, challenges, and the way forward / Tapologo Maundeni and Poloko Nuggert Ntschwarang -- Social work in Aotearoa New Zealand : social policy, risk, and professionalization / Liz Beddoe and Phil Harington -- Evidence based social work practice : challenges and opportunities in the global context / Mark J. Macgowan -- Canadian social work practice and First Nations people / Michael Hart and Denis Bracken -- Child and family social work in Canada : issues and challenges within a neo-liberal political context / Edward Kruk -- Politics as social work : the micromanagement of behaviour in the new millenium / Ken McLaughlin -- What kinds of violence and abuse affect vulnerable people? reflections on the evolving context of adult protection and safeguarding in the UK : legislation, regulation and professional practice / Hilary Brown and Susan Hunter -- Social work practice in a post-9/11 context : integrative practice with immigrants and refugees in the United States / Amelia Seraphia Derr and Biren 'Ratnesh' Nagda -- The making of childhood in a post-modern age : challenges and possibilities for social work in the United States / Mekada J Graham-Gallegan -- HIV/AIDS in India : challenges for professional social work / Vimla V. Nadkarni and Anita Rego -- Involving service users and carers in social work education : a consideration of the UK and global perspectives / Gillian MacIntyre and Pearse McCusker -- Social work in Russia : between the global and the local / Elena Iarskaia-Smirnova and Pavel Romanov -- Indigenous social work in China / Wai-Fong Ting and Eric Blyth -- A social work charter for unexpected disasters : lessons from the Bam, Iran earthquake / Edward Kruk and Habib Aghabakhshi -- The changing face of social work in youth justice in Scotland / Bill Whyte -- Australian social work in the 21st millenium : workforce trends, challenges, and opportunities / Robert Lonne -- Conclusion : social work : a unique profession in a diverse context / George Palattiyil, Dina Sidhva, and Mono Chakrabarti.</subfield>
  </datafield>
  <datafield tag="650" ind1=" " ind2="0">
   <subfield code="a">Social service</subfield>
   <subfield code="v">Cross-cultural studies.</subfield>
  </datafield>
  <datafield tag="650" ind1=" " ind2="0">
   <subfield code="a">Social service</subfield>
   <subfield code="x">Practice</subfield>
   <subfield code="v">Cross-cultural studies.</subfield>
  </datafield>
  <datafield tag="700" ind1="1" ind2=" ">
   <subfield code="a">Palattiyil, George</subfield>
   <subfield code="e">editor.</subfield>
  </datafield>
  <datafield tag="700" ind1="1" ind2=" ">
   <subfield code="a">Sidhva, Dina</subfield>
   <subfield code="e">editor.</subfield>
  </datafield>
  <datafield tag="700" ind1="1" ind2=" ">
   <subfield code="a">Chakrabarti, Mono</subfield>
   <subfield code="e">editor.</subfield>
  </datafield>
  <datafield tag="830" ind1=" " ind2="0">
   <subfield code="a">Routledge advances in social work.</subfield>
  </datafield>
  <datafield tag="905" ind1=" " ind2=" ">
   <subfield code="a">FO</subfield>
  </datafield>
  <datafield tag="852" ind1="0" ind2=" ">
   <subfield code="a">UPD</subfield>
   <subfield code="b">DSWCD</subfield>
   <subfield code="h">HV 40 S6423 2016</subfield>
  </datafield>
  <datafield tag="942" ind1=" " ind2=" ">
   <subfield code="a">Book</subfield>
  </datafield>
 </record>
</collection>
